000
00284nam a2200109Ia 4500
008
171211s9999 xx 000 0 und d
245
_a
Get Rich Playing Games
245
_c
Scott Steinberg
260
_c
2007
650
_x
GAMES
856
_u
http://down.ebook777.com/053/1430320281.pdf
999
_c
348951
_d
348951